[Event "URS-ch U18"]
[Site "Alma-Ata"]
[Date "1991.??.??"]
[Round "?"]
[White "Zvjaginsev, Vadim"]
[Black "Orlov, Vassily"]
[Result "1-0"]
[WhiteElo "2405"]
[BlackElo "2245"]

1.d4 Nf6 2.c4 e6 3.Nf3 d5 4.Nc3 Nbd7 5.e3 Be7 6.b3 O-O 7.Bd3 c5 8.O-O cxd4
9.exd4 dxc4 10.bxc4 Qa5 11.Bb2 Rd8 12.Qe1 Qh5 13.Rd1 Nf8 14.Ne2 Bd6 15.Ng3 Bxg3
16.fxg3 b5 17.Ne5 Ng4 18.Nxg4 Qxg4 19.Qf2 Rd7 20.cxb5 Bb7 21.Rde1 Qg5 22.Re5 Qd8
23.h4 Bd5 24.h5 Bxa2 25.h6 Bd5 26.hxg7 Ng6 27.Rh5 f5 28.Bc1 Rxg7 29.Bh6 Rf7
30.g4 f4 31.Bg5 Qf8 32.Bh6 Qe7 33.Re1 Qa3 34.Bxg6 hxg6 35.Qc2 Rf6 36.Rxd5 exd5
37.Qc7 Rf7 38.Qc6 Kh7 39.Qxa8 Kxh6 40.Qh8+ Kg5 41.Re5+ Kxg4 42.Qh6  1-0

[Event "URS-ch U18"]
[Site "Alma-Ata"]
[Date "1991.??.??"]
[Round "?"]
[White "Agamaliev, Djamil"]
[Black "Zvjaginsev, Vadim"]
[Result "1/2-1/2"]
[WhiteElo "2335"]
[BlackElo "2405"]

1.d4 d6 2.Nf3 Bg4 3.c4 Nd7 4.g3 Bxf3 5.exf3 g6 6.Bg2 Bg7 7.O-O c6 8.Nc3 Nb6
9.Qd3 d5 10.c5 Nd7 11.Re1 e6 12.Bf4 Ne7 13.g4 O-O 14.b4 Re8 15.Qd2 a5 16.b5 b6
17.Bg5 cxb5 18.c6 Nb8 19.Nxb5 Nbxc6 20.Qf4 Qb8 21.Qd2 Qd8 22.Qf4 Qd7 23.Bf1 Rf8
24.Bf6 Bxf6 25.Qxf6 Nc8 26.Rac1 Nd6 27.Re3 Nb4 28.Rc7 Qd8 29.Qxd8 Rfxd8 30.Nxd6 Rxd6
31.a3 Rc6 32.Rc3 Rxc3 33.Rxc3 Na6 34.Rc6 Ra7 35.Rxb6 Nc7 36.Rb8+ Kg7 37.g5 h6
38.h4 hxg5 39.hxg5 e5 40.dxe5 Ne6 41.Rb5 d4 42.Rd5 Rc7 43.Rxa5 Nf4 44.Ra8 d3
45.Rd8 Rc1 46.a4 Ra1 47.a5 Ne2+ 48.Kg2 Rxa5 49.Rxd3 Nf4+ 50.Kg3 Nxd3 51.Bxd3 Rxe5
52.f4 Ra5 53.Kg4 Ra4 54.f3 f5+ 55.gxf6+ Kxf6 56.Be4 Ra1 57.Kh4 Rg1 58.Kh3 Kg7
59.Kh4 Kh6 60.Bd5  1/2-1/2

[Event "Gyor-J"]
[Site "Gyor"]
[Date "1991.??.??"]
[Round "?"]
[White "Makarjev, Ilja"]
[Black "Zvjaginsev, Vadim"]
[Result "0-1"]
[WhiteElo "2345"]
[BlackElo "2400"]

1.d4 d6 2.Nf3 Nf6 3.c4 Nbd7 4.Nc3 e5 5.e4 Be7 6.Be2 O-O 7.O-O c6 8.Qc2 a6
9.Rd1 Qc7 10.Be3 Re8 11.Rac1 Bf8 12.b4 exd4 13.Nxd4 Ne5 14.f3 Ng6 15.Qb3 Nh5
16.b5 Nhf4 17.Bf1 axb5 18.cxb5 c5 19.Nc2 Be6 20.Bc4 Qe7 21.Nd5 Bxd5 22.exd5 Qf6
23.Bf1 Ne5 24.Na3 g6 25.Nc4 Bh6 26.g3 Nxc4 27.Bxf4 Bxf4 28.Rxc4 Be3+ 29.Kg2 Bd4
30.Rd3 Re1 31.Rc2 Rae8 32.Qc4 Qf5 33.a4 h5 34.Ra2 h4 35.gxh4 R8e3 36.Rxe3 Rxe3  0-1

[Event "Gyor-J"]
[Site "Gyor"]
[Date "1991.??.??"]
[Round "?"]
[White "Horak, Michal"]
[Black "Zvjaginsev, Vadim"]
[Result "1/2-1/2"]
[WhiteElo "2360"]
[BlackElo "2400"]

1.e4 e5 2.Bc4 Nf6 3.Qe2 Bc5 4.c3 O-O 5.d3 h6 6.Nf3 d6 7.h3 Nc6 8.g4 d5 9.Bb3 dxe4
10.dxe4 Nh7 11.Nbd2 a5 12.a4 Be6 13.Bc2 Qf6 14.Nf1 Bc4 15.Qxc4 Qxf3 16.Rh2 Bb6
17.Bd1 Qf6 18.h4 Rad8 19.Qe2 Ne7 20.Ng3 Ng6 21.g5 Qe6 22.gxh6 Nf4 23.Bxf4 exf4
24.hxg7 Rfe8 25.Nf5 Qxe4 26.Qxe4 Rxe4+ 27.Kf1 Re5 28.Bc2 Rdd5 29.Nh6+ Kxg7
30.Ng4 Rh5 31.Re1 Rd2 32.Bd1  1/2-1/2

[Event "Russian Winter op"]
[Site "Moscow"]
[Date "1991.??.??"]
[Round "?"]
[White "Kaspi, Alexander"]
[Black "Zvjaginsev, Vadim"]
[Result "1/2-1/2"]
[WhiteElo "2390"]
[BlackElo "2405"]

1.c4 e6 2.d4 d5 3.Nf3 Nf6 4.Nc3 c6 5.cxd5 exd5 6.Bg5 Be7 7.e3 Bf5 8.Be2 O-O
9.O-O Nbd7 10.h3 Ne4 11.Bf4 Bd6 12.Bxd6 Nxd6 13.b4 a6 14.a4 Nb6 15.Ne5 f6
16.Nf3 Nbc4 17.Nd2 b5 18.a5 Qe7 19.Kh2 Rae8 20.Nb3 Nb7 21.Na2 Qd6+ 22.Kh1 Qd7
23.Kg1 Qc7 24.Qe1 Rf7 25.Qc3 Bxh3 26.gxh3 Rxe3 27.fxe3 Qg3+ 28.Kh1 Qxh3+
29.Kg1 Qg3+ 30.Kh1 Nxe3 31.Bf3  1/2-1/2

[Event "Moscow6"]
[Site "Moscow"]
[Date "1991.??.??"]
[Round "?"]
[White "Ivanov, V."]
[Black "Zvjaginsev, Vadim"]
[Result "1/2-1/2"]
[WhiteElo "2360"]
[BlackElo "2400"]

1.e4 e5 2.Nf3 Nc6 3.Bb5 a6 4.Ba4 Nf6 5.O-O Be7 6.Re1 b5 7.Bb3 d6 8.c3 O-O
9.d4 Bg4 10.Be3 d5 11.exd5 exd4 12.Bxd4 Nxd4 13.cxd4 Bb4 14.Nc3 Qd7 15.h3 Bh5
16.Re5 Bg6 17.Rc1 Rfd8 18.Re3 Bh5 19.Qd3 Bxf3 20.Rxf3 Bxc3 21.Rxc3 Nxd5 22.Bxd5 Qxd5
23.Rxc7 Rd7 24.Rxd7 Qxd7 25.Qf5 Qxf5 26.Rxf5 Rd8 27.Rc5 Kf8 28.d5 Ke7 29.Kf1 Kd6
30.b4 Re8 31.a3 Re5 32.Rc6+ Kd7 33.Rxa6 Rxd5 34.Ra7+ Ke6 35.Ra6+ Kd7 36.g3 Rd3
37.Ra7+ Ke6 38.Ke2 Rb3 39.Ra5 g6 40.Rxb5 Rxa3 41.Rb6+ Ke5 42.Rc6 Rb3 43.Rc4 Rb2+
44.Kf3 h5 45.h4 Rb3+ 46.Kg2 Kd5 47.Rf4 Ke6 48.Kf1 Rb2 49.Ke1 Ra2 50.Kd1 f5
51.Ke1 Kd5 52.Kf1 Rb2 53.Kg2 Rb3  1/2-1/2

[Event "Moscow6"]
[Site "Moscow"]
[Date "1991.??.??"]
[Round "?"]
[White "Rodin, Mihail"]
[Black "Zvjaginsev, Vadim"]
[Result "1/2-1/2"]
[WhiteElo "2360"]
[BlackElo "2400"]

1.e4 e5 2.Nf3 Nc6 3.Bb5 a6 4.Bxc6 dxc6 5.O-O f6 6.d4 exd4 7.Nxd4 Bd6 8.Be3 Ne7
9.Qd3 Ng6 10.Qb3 Qe7 11.Nd2 Qf7 12.Nc4 Ne5 13.Nxd6+ cxd6 14.Rad1 O-O 15.Qxf7+ Kxf7
16.b3 Re8 17.Bc1 d5 18.exd5 cxd5 19.Rfe1 Bd7 20.Ne2 Rac8 21.f4 Nc6 22.Rxd5 Bg4
23.Rd2 Rxe2 24.Rexe2 Bxe2 25.Rxe2  1/2-1/2

[Event "Moscow6"]
[Site "Moscow"]
[Date "1991.??.??"]
[Round "?"]
[White "Stripunsky, Alexander"]
[Black "Zvjaginsev, Vadim"]
[Result "1/2-1/2"]
[WhiteElo "2360"]
[BlackElo "2400"]

1.e4 e5 2.Nf3 Nc6 3.Bb5 a6 4.Ba4 Nf6 5.O-O Be7 6.Re1 b5 7.Bb3 d6 8.c3 O-O
9.d4 Bg4 10.Be3 Bh5 11.Nbd2 d5 12.exd5 Nxd5 13.Bxd5 Qxd5 14.Qb3 Rad8 15.Qxd5 Rxd5
16.dxe5 Rfd8 17.h3 Nxe5 18.Nxe5 Rxe5 19.Bd4 Rxe1+ 20.Rxe1 c5 21.Rxe7 cxd4
22.cxd4 Kf8 23.Ra7 Rxd4 24.Nb3  1/2-1/2

[Event "Moscow6"]
[Site "Moscow"]
[Date "1991.??.??"]
[Round "?"]
[White "Zvjaginsev, Vadim"]
[Black "Anokhin, Vladimir"]
[Result "1/2-1/2"]
[WhiteElo "2400"]
[BlackElo "2350"]

1.d4 e6 2.e4 d5 3.e5 c5 4.c3 Nc6 5.Nf3 Qb6 6.a3 Nh6 7.b4 cxd4 8.Bxh6 gxh6
9.cxd4 Bg7 10.Nc3 f6 11.Na4 Qc7 12.exf6 Bxf6 13.Bb5 a5 14.O-O O-O 15.Rc1 axb4
16.axb4 Qd6 17.Bxc6 bxc6 18.Nc5 e5 19.dxe5 Bxe5 20.Nxe5 Qxe5 21.Qd2 Qf4 22.Qxf4 Rxf4
23.Nd3 Rf6 24.Rfe1 Ba6 25.Ra1 Rff8 26.Nc5 Bb5 27.Ne6 Rfe8 28.Nd4 Kf7 29.f3 Rxe1+
30.Rxe1 Ra4 31.Rc1 Rxb4 32.Nxc6 Rb2 33.Rc5 Bxc6 34.Rxc6 Kg7 35.Rd6 Rd2 36.h4 h5
37.Kh2 d4 38.Kg3 d3 39.f4 Rd1 40.Kf2 d2 41.g3 Kf7 42.Rd8 Kf6 43.Ke2 Rg1 44.Kxd2 Rg2+
45.Kc3 h6 46.Kd4 Kf5 47.Kd5  1/2-1/2

[Event "Moscow6"]
[Site "Moscow"]
[Date "1991.??.??"]
[Round "?"]
[White "Zvjaginsev, Vadim"]
[Black "Guliev, Sarhan"]
[Result "1/2-1/2"]
[WhiteElo "2400"]
[BlackElo "2375"]

1.d4 f5 2.g3 Nf6 3.Bg2 e6 4.c4 c6 5.Nf3 d5 6.O-O Bd6 7.b3 Qe7 8.Ne5 O-O 9.Bb2 b6
10.cxd5 cxd5 11.Nc4 Nc6 12.Nxd6 Qxd6 13.Nd2 a5 14.a3 Ba6 15.Nf3 Ne4 16.Ne1 f4
17.Nd3 fxg3 18.fxg3 a4 19.bxa4  1/2-1/2

[Event "Moscow6"]
[Site "Moscow"]
[Date "1991.??.??"]
[Round "?"]
[White "Zvjaginsev, Vadim"]
[Black "Muratov, Vladimir A"]
[Result "1-0"]
[WhiteElo "2400"]
[BlackElo "2415"]

1.e4 e6 2.d4 d5 3.e5 c5 4.c3 Nc6 5.Nf3 Qb6 6.a3 Bd7 7.b4 cxd4 8.cxd4 Rc8
9.Bb2 Nxb4 10.axb4 Qxb4+ 11.Qd2 Rc2 12.Ba3 Qb3 13.Qd3 Bb4+ 14.Nfd2 Qa4 15.Be2 Rc8
16.O-O Ne7 17.Nb3 a6 18.Qd1 Nf5 19.g4 Ne7 20.Nc5 Qxd1 21.Rxd1 Bxc5 22.Bxc5 Ng6
23.Nd2 Nxe5 24.Rdb1 Nc6 25.Rxb7 e5 26.Re1 Be6 27.Bxa6 Nxd4 28.Re7+ Kd8 29.Bxc8 Bxc8
30.R7xe5  1-0

[Event "Russian Winter op"]
[Site "Moscow"]
[Date "1991.??.??"]
[Round "?"]
[White "Zakharov, Alexander V"]
[Black "Zvjaginsev, Vadim"]
[Result "1/2-1/2"]
[WhiteElo "2380"]
[BlackElo "2405"]

1.Nf3 Nf6 2.c4 e6 3.Nc3 d5 4.d4 c6 5.cxd5 exd5 6.Qc2 Be7 7.Bf4 Na6 8.a3 Bg4
9.Ne5 Bh5 10.e3 Qa5 11.Qa4 Qxa4 12.Nxa4 Nb8 13.f3 Bg6 14.Nc5 Bxc5 15.dxc5 a5
16.Nxg6 hxg6 17.Bd3 Kd7 18.b3 Na6 19.Rc1 Nh5 20.Be5 Rae8 21.Bd4 Ng3 22.Rg1 Rxh2
23.Kf2 Nh5 24.Rb1 Nf6 25.b4 axb4 26.Bxa6 bxa6 27.Rxb4 Rhh8 28.Rb7+ Ke6 29.Rgb1 Rc8
30.Ra7 Rb8 31.Rxb8 Rxb8 32.Rc7 Ra8 33.Rxc6+ Ke7 34.Rc7+ Ke6 35.g4 a5 36.Rc6+ Ke7
37.Rd6 a4 38.g5 Ne8 39.Rb6 Ra5 40.Bc3 Ra7 41.Ke2 Kd7 42.f4 Rc7 43.Bd4 Rc6
44.Rb4 Ra6 45.Rb7+ Nc7 46.Rb8 Rc6 47.Kd3 Na6 48.Rb7+ Ke6 49.Rb6 Kd7 50.Rb5 Ke6
51.Kc3 Kd7 52.Rb7+ Ke6 53.Rb6 Kd7 54.Rxc6 Kxc6 55.Bxg7 Kxc5 56.Bf8+ Kc6 57.Kd4 Nb8
58.Bb4 Nd7 59.Be7 Nb6 60.Ke5 Nd7+ 61.Kd4 Nb6 62.Bc5 Nd7 63.Bb4 Nb6 64.Bd2 Nd7
65.Ba5 Nc5 66.Bb4 Nd7 67.e4 dxe4 68.Kxe4 Nb6 69.Ke5 Nd7+ 70.Kd4 f6 71.f5 fxg5
72.fxg6 Nf6 73.Be7 Nh5 74.Bxg5 Kd6 75.Ke4 Ke6 76.Bh4 Nf6+ 77.Kd4 Nd7 78.Kc3 Ne5
79.g7 Kf7 80.Bf6 Ng4 81.Bd4 Nh6 82.Kb4 Nf5 83.Bc3 Nxg7 84.Bxg7 Ke6 85.Ka5 Kd7
86.Kb6 Kc8 87.Be5  1/2-1/2

[Event "Russian Winter op"]
[Site "Moscow"]
[Date "1991.??.??"]
[Round "?"]
[White "Zvjaginsev, Vadim"]
[Black "Grabuzova, Tatiana"]
[Result "1-0"]
[WhiteElo "2405"]
[BlackElo "2260"]

1.d4 e6 2.c4 b6 3.Nc3 Bb4 4.Nf3 Nf6 5.Bg5 Bb7 6.e3 h6 7.Bh4 Bxc3+ 8.bxc3 d6
9.a4 a5 10.Nd2 Nbd7 11.f3 Qe7 12.e4 e5 13.Be2 Nf8 14.Bf2 Ne6 15.g3 g5 16.c5 dxc5
17.d5 Nf8 18.Bb5+ N8d7 19.Nc4 O-O-O 20.Rb1 Ne8 21.Bxd7+ Kxd7 22.Nxa5 Nd6
23.Bxc5 bxc5 24.Nxb7 Nxb7 25.Rxb7 c4 26.Qb1 Qc5 27.Ke2 Ra8 28.Rd1 Kd6 29.Qb4 Qxb4
30.Rxb4 Kc5 31.Rb5+ Kd6 32.a5 Rhb8 33.Rdb1 Rxb5 34.Rxb5 f6 35.Kd2 c6 36.Rb6 Rxa5
37.Rxc6+ Kd7 38.Rxc4 Ra2+ 39.Ke3 Rxh2 40.Rc6 h5 41.Rxf6 Rh3 42.Kf2 Rh2+ 43.Kg1 Rc2
44.Rf5 g4 45.fxg4 hxg4 46.Rxe5 Rxc3 47.Rg5 Kd6 48.Rxg4 Ke5 49.Kg2 Rc2+ 50.Kh3 Rc3
51.Rf4 Rb3 52.Kh4  1-0

[Event "Moscow7 op"]
[Site "Moscow"]
[Date "1991.??.??"]
[Round "?"]
[White "Serper, Grigory"]
[Black "Zvjaginsev, Vadim"]
[Result "1/2-1/2"]
[WhiteElo "2490"]
[BlackElo "2400"]

1.c4 e6 2.g3 d5 3.Bg2 g6 4.Nf3 Bg7 5.O-O Ne7 6.d4 O-O 7.Qc2 Nbc6 8.Rd1 b6
9.a3 a5 10.Bf4 Ba6 11.cxd5 exd5 12.Nc3 Nf5 13.e3 Nce7 14.b4 Bb7 15.Rac1 Qd7
16.g4 axb4 17.Ne2 Bc6 18.Qb1 Nd6 19.Ne5  1/2-1/2

[Event "Moscow7 op"]
[Site "Moscow"]
[Date "1991.??.??"]
[Round "?"]
[White "Janovsky, Sergey"]
[Black "Zvjaginsev, Vadim"]
[Result "1/2-1/2"]
[WhiteElo "2425"]
[BlackElo "2400"]

1.e4 e5 2.Nf3 Nc6 3.Bb5 a6 4.Bxc6 dxc6 5.Nc3 f6 6.d4 exd4 7.Nxd4 c5 8.Nde2 Qxd1+
9.Nxd1 Be6 10.Bf4 O-O-O 11.h4 c4 12.a3 Ne7 13.Ndc3 Nc6 14.Be3 b5 15.O-O Bd6
16.Rfd1 Be5 17.f3 f5 18.Bf4 Bxc3 19.Nxc3 fxe4 20.Nxe4 Bf5 21.Kf2 Nd4 22.Rd2 Ne6
23.Rxd8+ Rxd8 24.Be3 Kb7 25.g4 Bxe4 26.fxe4 Kc6 27.Ke2 Rf8 28.Rg1 Kd6 29.Bf2 Ke7
30.h5 h6 31.Bh4+ Ng5 32.Rf1 Rxf1 33.Kxf1 Ke6 34.Bxg5 hxg5 35.Ke2 Ke5 36.Ke3 c3
37.bxc3 a5 38.c4 b4 39.a4 c5 40.Kd3  1/2-1/2

[Event "URS-ch U18"]
[Site "Jurmala"]
[Date "1992.??.??"]
[Round "?"]
[White "Zvjaginsev, Vadim"]
[Black "Makarjev, Ilja"]
[Result "1/2-1/2"]
[WhiteElo "2415"]
[BlackElo "2335"]

1.e4 d6 2.d4 Nf6 3.Nc3 g6 4.Nf3 Bg7 5.h3 O-O 6.Be3 c6 7.a4 a5 8.Qd2 Na6 9.Be2 Qc7
10.Rd1 Nb4 11.O-O Rd8 12.Qc1 Bd7 13.Rfe1 b5 14.e5 Nfd5 15.Nxd5 Nxd5 16.Bg5 dxe5
17.dxe5 b4 18.Bc4 Nb6 19.Bxf7+ Kxf7 20.e6+ Bxe6 21.Rxd8 Qxd8 22.Qf4+ Bf5
23.Rxe7+ Qxe7 24.Bxe7 Nd5 25.Qd6 Nxe7 26.g4 Bc8  1/2-1/2

[Event "RUS-ch"]
[Site "Orel"]
[Date "1992.??.??"]
[Round "?"]
[White "Glyanets, Alexander"]
[Black "Zvjaginsev, Vadim"]
[Result "1-0"]
[WhiteElo "2370"]
[BlackElo "2415"]

1.d4 d5 2.c4 e6 3.Nc3 c6 4.Nf3 Nf6 5.Bg5 h6 6.Bxf6 Qxf6 7.Qb3 Nd7 8.e4 dxe4
9.Nxe4 Qf4 10.Bd3 Be7 11.O-O O-O 12.Rfe1 b6 13.Rad1 Bb7 14.c5 Rfb8 15.Bb1 a5
16.Qc2 g6 17.cxb6 Bc8 18.Nc5 Nxb6 19.Ne5 Nd5 20.g3 Qf6 21.Ncd7 Bxd7 22.Nxd7 Qf3
23.Nxb8 Rxb8 24.Qe2 Qxe2 25.Rxe2 Kf8 26.Be4 Ke8 27.a3 Kd7 28.Rc2 Kd6 29.Rdc1 Rb6
30.Kf1 Bf6 31.Rd1 Bg7 32.Rdd2 f5 33.Bf3 g5 34.Rc5 Bxd4 35.Rxd5+ cxd5 36.Rxd4 Rxb2
37.Ra4 Rb5 38.Be2 Rc5 39.f4 g4 40.Ke1 e5 41.fxe5+ Kxe5 42.Kd2 d4 43.Bd3 h5
44.Ke2 Rd5 45.Rc4 f4 46.Rc8 f3+ 47.Kd2 Kf6 48.Bc4 Rd7 49.Rf8+ Kg6 50.Bd3+ Kh6
51.Rg8 Rd6 52.Ra8 Rd5 53.a4 Rc5 54.Ra6+ Kg7 55.Rd6 Rc3 56.Rd5 Ra3 57.Rxh5 Ra2+
58.Bc2 Kf6 59.Rf5+ Ke6 60.Rf4 Ra1 61.Bf5+ Ke5 62.Bxg4 Rxa4 63.Bxf3 Ra2+ 64.Ke1  1-0

[Event "RUS-ch"]
[Site "Orel"]
[Date "1992.??.??"]
[Round "?"]
[White "Zvjaginsev, Vadim"]
[Black "Bezgodov, Alexei"]
[Result "1/2-1/2"]
[WhiteElo "2415"]
[BlackElo "2355"]

1.d4 Nf6 2.Nf3 d6 3.Nc3 Nbd7 4.e4 e5 5.Bc4 Be7 6.O-O O-O 7.a4 c6 8.Ba2 b6
9.h3 Bb7 10.Qe2 Qc7 11.Rd1 Rae8 12.dxe5 Nxe5 13.Nd4 Bc8 14.Bf4 Rd8 15.Bh2 Qb7
16.g4 c5 17.Nf5 Bxf5 18.gxf5 Kh8 19.f4 Nc6 20.Qg2 Nb4 21.Bb3 Qc8 22.Nd5 Nbxd5
23.Bxd5 Nxd5 24.Rxd5 c4 25.c3 Qc6 26.Bg3 Bf6 27.Kh2 Rg8 28.Qf3 a6 29.Bf2 Rb8
30.Qe2 Rgc8 31.Qc2 b5 32.axb5 axb5 33.Rad1 h6 34.Bd4 Bxd4 35.R1xd4 Rb6 36.Qd2 Qc7
37.Kg3 Qb7 38.f6 gxf6 39.Kf3 Kh7 40.Qc2 Rg8 41.e5+ Kh8 42.exf6 b4 43.Qe4 bxc3
44.bxc3 Rb3 45.Rxc4 Rc8 46.Kg4 Rxc4 47.Qxc4 Rxc3 48.Qxc3 Qxd5 49.Qc8+ Kh7
50.Qc2+  1/2-1/2

[Event "RUS-ch"]
[Site "Orel"]
[Date "1992.??.??"]
[Round "?"]
[White "Zvjaginsev, Vadim"]
[Black "Semeniuk, Alexander A"]
[Result "1-0"]
[WhiteElo "2415"]
[BlackElo "2370"]

1.d4 Nf6 2.c4 g6 3.Nc3 d5 4.Bg5 Ne4 5.Bf4 Nxc3 6.bxc3 Bg7 7.e3 c5 8.Nf3 Nc6
9.cxd5 Qxd5 10.Be2 cxd4 11.cxd4 O-O 12.O-O b6 13.Rc1 Bb7 14.Bc4 Qh5 15.Qe2 Rac8
16.Ba6 Bxa6 17.Qxa6 Qg4 18.Rc4 Nxd4 19.Rxd4 Bxd4 20.Nxd4 f6 21.Qb7 Rfe8 22.Qxa7 Ra8
23.Qb7 Qc8 24.Qd5+ e6 25.Qb3 Qa6 26.Nxe6 Qxa2 27.Qxa2 Rxa2 28.Nd4 Rea8 29.Bc7 Rb2
30.g4 b5 31.Kg2 b4 32.Kf3 Ra7 33.Bg3 Rb7 34.Ke4 b3 35.Kd3 Ra2 36.Rb1 b2 37.Kc2 Kf7
38.h3 Rb4 39.Kc3 Rb6 40.Nc2 Ra8 41.Nb4 Rc8+ 42.Kb3 Rc1 43.Rxb2 g5 44.Ka3 Ra1+
45.Kb3 Rc1 46.h4 gxh4 47.Bxh4 Rg1 48.Bg3 Rc1 49.f3 Kg6 50.e4 Rb7 51.Bf2 h5
52.gxh5+ Kxh5 53.Bd4 Rf1 54.Kc4 Rxf3 55.Rh2+ Kg6 56.Nd5 Rd7 57.Kc5 Rd8 58.Ne7+ Kg5
59.Nd5 Kg6 60.Ne7+ Kg5 61.Rg2+ Kf4 62.Re2 Kg5 63.Be3+ Kg4 64.Re1 Re8 65.Kd6 Rh3
66.Ke6 f5 67.e5 f4 68.Bc5 Rc3 69.Rg1+ Kh3 70.Bd4 Rc4 71.Kd5 Rxd4+ 72.Kxd4 Rxe7
73.Rf1 Kg4 74.Ke4 f3 75.Rg1+ Kh5 76.Rg8 Rf7 77.e6 Rf6 78.e7  1-0

[Event "EU-ch U16"]
[Site "Rimavska Sobota"]
[Date "1992.??.??"]
[Round "?"]
[White "Zvjaginsev, Vadim"]
[Black "Vouldis, Angelos"]
[Result "1-0"]
[WhiteElo "2415"]
[BlackElo "2260"]

1.d4 d5 2.c4 e6 3.Nf3 c6 4.e3 f5 5.Ne5 Nf6 6.Nc3 Bd6 7.f4 O-O 8.Be2 Ne4 9.O-O Nd7
10.Nxe4 fxe4 11.Bd2 Nxe5 12.fxe5 Rxf1+ 13.Bxf1 Be7 14.b4 Bd7 15.Rb1 Qf8 16.Qg4 Qf5
17.Qxf5 exf5 18.b5 Kf7 19.a4 Ke6 20.a5 Rc8 21.a6 b6 22.bxc6 Bxc6 23.Rc1 Bd7
24.Be2 Ba3 25.Rc3 Be7 26.Kf2 g6 27.Ke1 Bb4 28.cxd5+ Kxd5 29.Rxc8 Bxd2+ 30.Kxd2 Bxc8
31.Kc3 Kc6 32.Bc4 b5 33.Bg8 Bxa6 34.Bxh7 Kd7 35.Bxg6 Ke6 36.g3 Bb7 37.Kb4  1-0

[Event "Berliner Sommer"]
[Site "Berlin"]
[Date "1993.??.??"]
[Round "?"]
[White "Zvjaginsev, Vadim"]
[Black "Chuchelov, Vladimir"]
[Result "1-0"]
[WhiteElo "2455"]
[BlackElo "2510"]

1.d4 d6 2.e4 g6 3.c4 Bg7 4.Nc3 e5 5.d5 a5 6.Bd3 Na6 7.Nge2 Nf6 8.O-O O-O
9.f3 Bd7 10.Be3 Ne8 11.Qd2 c6 12.a3 f5 13.exf5 gxf5 14.Kh1 cxd5 15.Nxd5 Nc5
16.Bc2 a4 17.Rad1 Rf7 18.Qb4 Bc6 19.Nb6 Ra6 20.Qxc5 dxc5 21.Rxd8 Rxb6 22.Nc3 Rxb2
23.Bxa4 Re7 24.Nd5 Rd7 25.Rxe8+ Kf7 26.Ra8 b5 27.Rb8 Rb7 28.Rxb7+ Bxb7 29.Bc1 Rb1
30.Nc3 Rxc1 31.Rxc1 bxa4 32.Nxa4 Bf8 33.Nc3 Ba6 34.Nb5 Kf6 35.a4 e4 36.fxe4 fxe4
37.Nc7 Bb7 38.Rf1+ Ke7 39.a5 Bh6 40.a6 Bc6 41.a7  1-0

[Event "Berliner Sommer"]
[Site "Berlin"]
[Date "1993.??.??"]
[Round "?"]
[White "Zvjaginsev, Vadim"]
[Black "Mach, Holger"]
[Result "1-0"]
[WhiteElo "2455"]
[BlackElo "2235"]

1.d4 Nf6 2.c4 e6 3.Nc3 d5 4.Nf3 Be7 5.Bg5 O-O 6.e3 h6 7.Bh4 b6 8.Rc1 Bb7
9.Bxf6 Bxf6 10.cxd5 exd5 11.Bd3 Nd7 12.O-O a6 13.Qb3 Nb8 14.Bb1 Re8 15.a3 c6
16.Na4 b5 17.Nc5 Bc8 18.h3 Ra7 19.Nd3 Rc7 20.Nf4 Qd6 21.Rc3 Bb7 22.Rfc1 Rce7
23.Qc2 g6 24.Nxg6 fxg6 25.Qxg6+ Kf8 26.Qxh6+ Rg7 27.Nh4 Bc8 28.Bf5 Qd8 29.Ng6+ Kf7
30.Bb1 Qd6 31.Qh5 Reg8 32.f4 Ke8 33.g4 Kd8 34.Ne5 Bxe5 35.dxe5 Qe7 36.Qh6 Bxg4
37.hxg4 Rxg4+ 38.Kf1 Rg1+ 39.Ke2 R8g2+ 40.Kd3 Rg6 41.Qh5 b4 42.Rc5 bxa3 43.bxa3 Nd7
44.Rxc6 Qxa3+ 45.R1c3 Rxb1 46.Rc8+ Ke7 47.Qh7+  1-0

[Event "Berliner Sommer"]
[Site "Berlin"]
[Date "1993.??.??"]
[Round "?"]
[White "Zvjaginsev, Vadim"]
[Black "Schaffarth, Peter"]
[Result "1-0"]
[WhiteElo "2455"]
[BlackElo "2250"]

1.d4 Nf6 2.c4 e5 3.dxe5 Ne4 4.Nf3 Bb4+ 5.Bd2 Nxd2 6.Nbxd2 Nc6 7.a3 Bxd2+
8.Qxd2 Qe7 9.Qc3 O-O 10.O-O-O Re8 11.Rd5 b6 12.g3 Bb7 13.Bh3 Rad8 14.Rhd1 Nb8
15.R5d3 a5 16.Re3 Qc5 17.Qd4 Qf8 18.Qf4 Ba6 19.Rd4 b5 20.Bf5 g6 21.cxb5 Bxb5
22.Bc2 h6 23.h4 c5 24.Rd6 Re6 25.Rxe6 fxe6 26.Qg4 Qg7 27.Qxg6 Qxg6 28.Bxg6 Rf8
29.Bd3 c4 30.Be4 Nc6 31.Kd2 Ba6 32.Bxc6 dxc6 33.Kc3 c5 34.Re4 Kg7 35.Rg4+ Kh7
36.h5 Rd8 37.Nd2 Rd5 38.Ne4  1-0

[Event "Berliner Sommer"]
[Site "Berlin"]
[Date "1993.??.??"]
[Round "?"]
[White "Wahls, Matthias"]
[Black "Zvjaginsev, Vadim"]
[Result "1-0"]
[WhiteElo "2480"]
[BlackElo "2455"]

1.e4 c5 2.Nf3 e6 3.d4 cxd4 4.Nxd4 Nc6 5.Nb5 d6 6.Bf4 e5 7.Be3 Nf6 8.Bg5 Be6
9.Nd2 Be7 10.Bxf6 Bxf6 11.Nc4 O-O 12.Qxd6 a6 13.Nc3 Bg5 14.Bd3 Qe8 15.Qc5 Rd8
16.O-O Nd4 17.Nxe5 Bf4 18.Nc4 f5 19.Ne2 Nxe2+ 20.Bxe2 fxe4 21.Rad1 Rc8 22.Qb4 Qb5
23.Qxb5 axb5 24.Ne3 b4 25.Rd2 Be5 26.b3 Ra8 27.Bc4 Bxc4 28.Nxc4 Bc3 29.Re2 Rxa2
30.Nd6 Bd4 31.g3 Ra6 32.Nxe4 Re6 33.Kg2 Bb6 34.f4 Rd8 35.Ra1 Rc6 36.Ra4 Rdc8
37.Rxb4 Rxc2 38.Rxc2 Rxc2+ 39.Kf3 Rc6 40.Rc4 h6 41.Rxc6 bxc6 42.Nd6 Bg1 43.h3 h5
44.Nc4 c5 45.Ne5 Kh7 46.Nd3  1-0

[Event "Cappelle op"]
[Site "Cappelle la Grande"]
[Date "1993.??.??"]
[Round "1"]
[White "Rause, Olita"]
[Black "Zvjaginsev, Vadim"]
[Result "0-1"]
[WhiteElo "2210"]
[BlackElo "2445"]

1.e4 d6 2.d4 Nf6 3.Bd3 e5 4.c3 Nc6 5.Nf3 g6 6.O-O Bg7 7.Bg5 h6 8.Bh4 O-O
9.dxe5 Nxe5 10.Nxe5 dxe5 11.Qc2 Qe8 12.Nd2 Nh5 13.Rfe1 Nf4 14.Bf1 f6 15.f3 h5
16.Nc4 Qe7 17.Bf2 b6 18.Rad1 Kh8 19.Ne3 c6 20.a4 Be6 21.Bc4 Rfe8 22.Rd2 Bh6
23.Red1 Bxc4 24.Nxc4 Red8 25.Rxd8+ Rxd8 26.Kf1 Ne6 27.b4 Kg7 28.h4 Rd7 29.g3 b5
30.axb5 cxb5 31.Ne3 Bxe3 32.Bxe3 a6 33.Ke2 Kf7 34.Rxd7 Qxd7 35.Qd3 Qc6 36.Kd2 Ke7
37.Ke2 Qc4 38.Qxc4 bxc4 39.Kd2 Kd6 40.Kc2 f5 41.Ba7 Ke7 42.Kd2 f4 43.g4 g5
44.gxh5 gxh4 45.Ke2 h3 46.Kf2 Ng5 47.Bc5+ Kf7 48.h6 h2 49.Kg2 Nxf3 50.Bd6 Kg6
51.Bf8 Nd2 52.Kxh2 Nxe4 53.Bg7 Nxc3  0-1

[Event "Cappelle op"]
[Site "Cappelle la Grande"]
[Date "1993.??.??"]
[Round "7"]
[White "Dochev, Dimitar"]
[Black "Zvjaginsev, Vadim"]
[Result "0-1"]
[WhiteElo "2295"]
[BlackElo "2445"]

1.e4 c5 2.Nf3 e6 3.d4 cxd4 4.Nxd4 Nc6 5.c4 Nf6 6.Nc3 Bb4 7.Nxc6 dxc6 8.Qxd8+ Kxd8
9.Bd2 e5 10.f3 Bc5 11.O-O-O Kc7 12.b4 Be7 13.Na4 Be6 14.Bc3 Nd7 15.Be2 f6
16.Kc2 Rhb8 17.Kb1 b6 18.Nb2 a5 19.a3 axb4 20.axb4 Ra3 21.Kc2 Rba8 22.Rc1 Nb8
23.Rb1 Na6 24.b5 Nb4+ 25.Bxb4 Bxb4 26.Nd1 Ba5 27.Rb3 Ra1 28.Rb1 Rxb1 29.Kxb1 Rd8
30.bxc6 Rd2 31.Re1 Rd4 32.Rf1 Rd2 33.Re1 Kxc6 34.Ne3 Kc5 35.Bf1 Bd7 36.Rc1 Ba4
37.Nd5 Bb3 38.Ka1 Bb4 39.Kb1 Rf2 40.Ka1 Ba3 41.Re1 Bb2+ 42.Kb1 Bd4  0-1

[Event "Cappelle op"]
[Site "Cappelle la Grande"]
[Date "1993.??.??"]
[Round "8"]
[White "Zvjaginsev, Vadim"]
[Black "Agdestein, Simen"]
[Result "1-0"]
[WhiteElo "2445"]
[BlackElo "2630"]

1.d4 e6 2.c4 f5 3.Nf3 Nf6 4.Nc3 Bb4 5.Qb3 c5 6.a3 Ba5 7.dxc5 Na6 8.Bd2 Nxc5
9.Qc2 Bxc3 10.Bxc3 a5 11.g3 O-O 12.Bg2 a4 13.Nd2 d6 14.Bb4 Qc7 15.O-O Bd7
16.Rad1 Na6 17.Qd3 Nxb4 18.axb4 Rad8 19.Rc1 e5 20.e3 Be6 21.Qa3 Ra8 22.Rfd1 Rfd8
23.e4 f4 24.gxf4 exf4 25.Qc3 Rac8 26.Qd4 h6 27.Nf3 b5 28.Qd2 Bxc4 29.Qxf4 Qf7
30.Nd4 Nh5 31.Qxf7+ Kxf7 32.Bh3 Ra8 33.Bf1 d5 34.Nxb5 Bxf1 35.Kxf1 dxe4 36.Nd6+ Kg6
37.Nxe4 Nf4 38.b5 Rxd1+ 39.Rxd1 Rb8 40.Nc3 Kf5 41.Rd4 g5 42.f3 h5 43.Rxa4 Nd3
44.Rd4 Ne5 45.Kg2 g4 46.fxg4+ hxg4 47.Ra4 Ke6 48.Kg3 Rf8 49.Rd4 Rh8 50.Rb4 Rd8
51.b6 Rd3+ 52.Kf2 Rd2+ 53.Ke3 Rxh2 54.b7 Nd7 55.b8=Q Nxb8 56.Rxb8 Kd6 57.Kf4 Rg2
58.Ne4+ Kc7 59.Rb3 Kc6 60.Ng3 Kd5 61.Kxg4 Kc4 62.Rb8 Kd3 63.Kf4 Kc2 64.Nf5 Kb1
65.b4  1-0

[Event "Loosdorf op"]
[Site "Loosdorf"]
[Date "1993.??.??"]
[Round "2"]
[White "Raubal, Martin"]
[Black "Zvjaginsev, Vadim"]
[Result "0-1"]
[WhiteElo "2225"]
[BlackElo "2455"]

1.e4 c5 2.Nf3 e6 3.d4 cxd4 4.Nxd4 Nc6 5.c3 d6 6.Bd3 Nf6 7.O-O Be7 8.Qe2 e5
9.Nc2 Bg4 10.f3 Be6 11.c4 O-O 12.Nc3 Nd7 13.Nd5 Bg5 14.Be3 Nc5 15.b4 Na4
16.Qd2 h6 17.Rfd1 Rc8 18.Bf1 Bxd5 19.Bxg5 Qxg5 20.Qxg5 hxg5 21.Rxd5 Rfd8
22.a3 g6 23.Ne3 b6 24.c5 bxc5 25.Ba6 Rb8 26.Rc1 Nd4 27.bxc5 Nxc5 28.Rdxc5 dxc5
29.Rxc5 Rb3 30.Nc4 Rc3 31.Rxe5 Ne6 32.Ra5 Nc7 33.Ne5 Nxa6 34.Rxa6 Rc2 35.h3 Rdd2
36.Ng4 Rxg2+ 37.Kf1 Rg3 38.Rxa7 Rxh3  0-1

[Event "Loosdorf op"]
[Site "Loosdorf"]
[Date "1993.??.??"]
[Round "3"]
[White "Zvjaginsev, Vadim"]
[Black "Humer, Wolfgang"]
[Result "1-0"]
[WhiteElo "2455"]
[BlackElo "2255"]

1.d4 Nf6 2.Nf3 g6 3.c4 c5 4.Nc3 cxd4 5.Nxd4 Nc6 6.e4 Nxd4 7.Qxd4 d6 8.Be2 Bg7
9.Bg5 O-O 10.Qd2 Be6 11.O-O Rc8 12.b3 a5 13.Rac1 Qb6 14.Na4 Qc7 15.Bf3 b6
16.Nc3 Qd8 17.Rfe1 Re8 18.Nd5 Nd7 19.Be2 Nc5 20.Bf1 Rb8 21.f3 Bxd5 22.cxd5 Qd7
23.Be3 Rec8 24.Rc2 Qd8 25.Bb5 Rc7 26.Rec1 Qc8 27.Qd1 Qd8 28.Qd2 Ra7 29.Rc4 h5
30.Qd1 Kh7 31.Qc2 Bh6 32.Bxh6 Kxh6 33.a3 Qh8 34.b4 axb4 35.axb4 Nd7 36.Qd2+ Kh7
37.Rc7 Rbb7 38.Rc8 Qe5 39.Rd8 Nf6 40.Rh8+  1-0

[Event "Loosdorf op"]
[Site "Loosdorf"]
[Date "1993.??.??"]
[Round "7"]
[White "Zvjaginsev, Vadim"]
[Black "Lanc, Alois"]
[Result "1-0"]
[WhiteElo "2455"]
[BlackElo "2445"]

1.Nf3 c6 2.g3 g6 3.Bg2 Bg7 4.O-O e5 5.c4 d6 6.Nc3 Nh6 7.d4 Qc7 8.dxe5 dxe5
9.Ne4 O-O 10.Qd6 Qxd6 11.Nxd6 f6 12.Rd1 Na6 13.b3 Rd8 14.Bxh6 Bxh6 15.Nxc8 Raxc8  1-0